Zuanazzi Ilaria, Praeses ut prosis. La funzione amministrativa nella diakonia della Chiesa, coll. Università di Torino, Memorie del Dipartimento di scienze giuridiche, serie V, Memoria XXIX, Casa editrice Jovene, Naples, 2005, 750 p. (notice n° 1536251)
[ vue normale ]
| 000 -LEADER | |
|---|---|
| fixed length control field | 00663cam a2200145 4500500 |
| 005 - DATE AND TIME OF LATEST TRANSACTION | |
| control field | 20251012020629.0 |
| 041 ## - LANGUAGE CODE | |
| Language code of text/sound track or separate title | fre |
| 042 ## - AUTHENTICATION CODE | |
| Authentication code | dc |
| 100 10 - MAIN ENTRY--PERSONAL NAME | |
| Personal name | d'Arienzo, María |
| Relator term | author |
| 245 00 - TITLE STATEMENT | |
| Title | Zuanazzi Ilaria, Praeses ut prosis. La funzione amministrativa nella diakonia della Chiesa, coll. Università di Torino, Memorie del Dipartimento di scienze giuridiche, serie V, Memoria XXIX, Casa editrice Jovene, Naples, 2005, 750 p. |
| 260 ## - PUBLICATION, DISTRIBUTION, ETC. | |
| Date of publication, distribution, etc. | 2006.<br/> |
| 500 ## - GENERAL NOTE | |
| General note | 64 |
| 786 0# - DATA SOURCE ENTRY | |
| Note | L'Année canonique | XLVIII | 1 | 2006-02-11 | p. 384-385 | 0570-1953 |
| 856 41 - ELECTRONIC LOCATION AND ACCESS | |
| Uniform Resource Identifier | <a href="https://shs.cairn.info/revue-l-annee-canonique-2006-1-page-384?lang=fr&redirect-ssocas=7080">https://shs.cairn.info/revue-l-annee-canonique-2006-1-page-384?lang=fr&redirect-ssocas=7080</a> |
Pas d'exemplaire disponible.




Réseaux sociaux